000 00839nmm a2200265 a 4500
001 ocm0001520737
003 TR-IsHL
005 20201028163502.0
008 170206s2016 tu tur
007 cr cn
020 _a9786051831763
035 _a1520737
_b(N$T)
050 0 4 _aPL248.S24
_bA8 2016
090 0 4 _aPL248.S24
_bA8 2016
100 1 _aSağıroğlu, Vehnar
245 1 0 _aAşkın suskunluğu
_h[electronic resource] /
_cVehnar Sağıroğlu
260 _aİstanbul :
_bNesil Yayınları,
_c2016
300 _a102 p.
650 4 _aDil ve Edebiyat
650 4 _aLanguage and Literature
650 0 _aTürk denemeleri
650 0 _aTurkish essays
650 7 _aLITERARY COLLECTIONS / Middle Eastern
_2bisacsh
856 4 0 _uhttp://search.ebscohost.com/login.aspx?direct=true&scope=site&db=e011xww&AN=1520737
999 _c15355
_d15355